[Event "Superettan(Wasa-Schack 08)"]
[Site "?"]
[Date "2018.02.03"]
[Round "4"]
[White "Drugge, Patrick"]
[Black "Berkell, Peder"]
[Result "1/2-1/2"]
[WhiteElo "2183"]
[BlackElo "2151"]
[PlyCount "81"]

1. e4 c5 2. Nc3 g6 3. g3 Bg7 4. Bg2 Nc6 5. d3 d6 6. f4 Nf6 7. h3 O-O 8. Be3 Rb8
9. Nge2 Bd7 10. a4 a6 11. O-O b5 12. axb5 axb5 13. g4 b4 14. Nd5 Nxd5 15. exd5
Nd4 16. Rb1 Nxe2+ 17. Qxe2 Ra8 18. Rfe1 Ra2 19. d4 cxd4 20. Qc4 Ra8 21. Bxd4
Qc8 22. Qd3 Bxd4+ 23. Qxd4 Re8 24. Qxb4 Qxc2 25. Rbc1 Qa4 26. Qxa4 Bxa4 27. Rc7
Kf8 28. Rb7 Ra5 29. Kf2 Rb5 30. Rxb5 Bxb5 31. Rc1 Rb8 32. Rc2 Ba4 33. Rd2 Bb3
34. Ke3 Ke8 35. Kd4 Kd7 36. Kc3 e6 37. dxe6+ fxe6 38. Rd4 Ba2 39. b4 Rc8+ 40.
Kb2 Bc4 41. Rd2 1/2-1/2

[Event "Superettan(Wasa-Schack 08)"]
[Site "?"]
[Date "2018.02.03"]
[Round "4"]
[White "Astrom, Goran"]
[Black "Schutz, Ingemar"]
[Result "1-0"]
[WhiteElo "2236"]
[BlackElo "2200"]
[PlyCount "68"]

1. e4 c5 2. Nf3 d6 3. d4 cxd4 4. Nxd4 Nf6 5. Nc3 Nc6 6. Bg5 e6 7. Qd2 a6 8.
O-O-O Bd7 9. f3 Be7 10. h4 b5 11. Nxc6 Bxc6 12. Ne2 Qc7 13. Nd4 Bb7 14. Kb1 h6
15. Be3 Nd7 16. Bd3 Ne5 17. g4 Nc4 18. Bxc4 Qxc4 19. g5 h5 20. g6 f6 21. Qg2
Bc8 22. Rd3 b4 23. Rhd1 Bd7 24. R3d2 Rb8 25. Rd3 a5 26. Bc1 e5 27. Nf5 Bxf5 28.
exf5 Rc8 29. b3 Qc6 30. Qe2 a4 31. Rd5 axb3 32. axb3 Kd7 33. Bb2 Rc7 34. R1d2
Ra8 1-0

[Event "Superettan(Burgsvik-Kristallen)"]
[Site "?"]
[Date "2018.02.02"]
[Round "4"]
[White "Andersson, Goran L"]
[Black "Andersson, Tommy"]
[Result "0-1"]
[WhiteElo "2228"]
[BlackElo "2396"]
[PlyCount "100"]
[SourceDate "2018.02.24"]

1. d4 Nf6 2. Nf3 d5 3. Bf4 g6 4. e3 Bg7 5. Nbd2 O-O 6. h3 c5 7. c3 b6 8. Bd3
Nc6 9. O-O Bb7 10. Ne5 Nd7 11. Nxd7 Qxd7 12. Nf3 Rfe8 13. Bb5 a6 14. Ne5 Qe6
15. Bxc6 Bxc6 16. Nxc6 Qxc6 17. Qd3 c4 18. Qe2 f6 19. Rad1 e5 20. Bg3 e4 21. f4
exf3 22. Qxf3 Re4 23. Rde1 Rae8 24. Re2 Qa4 25. a3 Qc6 26. Bf4 Qe6 27. Rfe1 g5
28. Bg3 f5 29. Qh5 h6 30. Kf1 b5 31. Kf2 Re7 32. Kf1 a5 33. Kg1 Kh7 34. Kf1 b4
35. axb4 axb4 36. Qf3 Kg6 37. Kg1 h5 38. h4 f4 39. Bh2 g4 40. Qf2 g3 41. Bxg3
fxg3 42. Qxg3+ Rg4 43. Qb8 bxc3 44. bxc3 Rxh4 45. Rb1 Kh7 46. Rb6 Qg4 47. Qd6
Rf7 48. Rbb2 Rh1+ 49. Kxh1 Rf1+ 50. Kh2 Qh4# 0-1

[Event "Superettan(Burgsvik-Kristallen)"]
[Site "?"]
[Date "2018.02.02"]
[Round "4"]
[White "Persson, Mats"]
[Black "Lindh, Fredrik"]
[Result "1/2-1/2"]
[WhiteElo "2299"]
[BlackElo "2250"]
[PlyCount "171"]
[EventDate "2018.??.??"]

1. e4 c5 2. Nf3 Nc6 3. Bb5 g6 4. Bxc6 bxc6 5. O-O Bg7 6. Re1 Nh6 7. c3 O-O 8.
d4 cxd4 9. cxd4 d6 10. h3 f6 11. Nc3 Nf7 12. Be3 Bd7 13. Rc1 Qa5 14. Nd2 Qa6
15. Qe2 Qxe2 16. Rxe2 f5 17. f3 Rfb8 18. b3 Rb4 19. Nc4 fxe4 20. fxe4 Be6 21.
Na5 Rc8 22. a3 Rbb8 23. b4 Bd7 24. Rec2 a6 25. Ne2 Nd8 26. Kf2 Kf7 27. Ke1 Ke8
28. Kd2 Rb5 29. Nc3 Rbb8 30. Kd3 Nb7 31. Nc4 Nd8 32. g4 Ne6 33. Na5 c5 34. dxc5
dxc5 35. Nd5 Ba4 36. Ra2 cxb4 37. Rxc8+ Rxc8 38. axb4 Bb5+ 39. Kd2 Nd4 40. Bf4
e5 41. Be3 Nf3+ 42. Kd1 Bd3 43. Nb7 Rc6 44. Nc5 Bc4 45. Rc2 Bf1 46. h4 Bh3 47.
g5 Bg4 48. Kc1 Ne1 49. Rc3 Ng2 50. Bf2 Nf4 51. Ra3 Be2 52. Kd2 Bc4 53. Be3 Nxd5
54. exd5 Rd6 55. Kc3 Bxd5 56. Rxa6 Rxa6 57. Nxa6 Kd7 58. b5 Bf8 59. Bc5 Bg7 60.
Nb4 Bb7 61. Nc2 Ke6 62. Ne3 h6 63. Kc4 hxg5 64. hxg5 Bf3 65. Kc3 Kd7 66. Kd3
Bb7 67. Kc4 Bf3 68. Kd3 e4+ 69. Kc4 Ke6 70. Bd4 Be2+ 71. Kc5 Bf8+ 72. Kc6 Be7
73. Bf6 Bxb5+ 74. Kxb5 Bxf6 75. gxf6 Kxf6 76. Kc4 Ke5 77. Kc3 Kf4 78. Kd2 Kf3
79. Nd1 g5 80. Ke1 e3 81. Nc3 g4 82. Kf1 g3 83. Ne2 g2+ 84. Ke1 Ke4 85. Ng1 Kd3
86. Ne2 1/2-1/2

[Event "Superettan(Burgsvik-Kristallen)"]
[Site "?"]
[Date "2018.02.02"]
[Round "4"]
[White "Walinder, Lars"]
[Black "Krupenski, Juri"]
[Result "1/2-1/2"]
[WhiteElo "2205"]
[BlackElo "2404"]
[PlyCount "180"]

1. c4 Nf6 2. Nc3 c5 3. Nf3 e6 4. d4 cxd4 5. Nxd4 Bb4 6. Ndb5 d5 7. cxd5 exd5 8.
e3 a6 9. Nd4 O-O 10. Be2 Nc6 11. O-O Re8 12. Bd2 Qe7 13. Nxc6 bxc6 14. Na4 Bd6
15. Rc1 c5 16. Ba5 Qe5 17. g3 Bh3 18. Re1 Ne4 19. Bf3 Rab8 20. Nc3 Be6 21. Nxe4
dxe4 22. Bc3 Qf5 23. Be2 Be5 24. Bxe5 Qxe5 25. b3 a5 26. Qc2 Rec8 27. Ba6 Rc6
28. Bc4 Rb4 29. Bxe6 Qxe6 30. Red1 h5 31. Rd8+ Kh7 32. Qe2 Qf5 33. Rcd1 Qf3 34.
Qxf3 exf3 35. R8d5 Kg6 36. h4 f6 37. Rc1 c4 38. bxc4 Rcxc4 39. Rxc4 Rxc4 40.
Rxa5 Rc1+ 41. Kh2 Rf1 42. Ra4 Rxf2+ 43. Kh3 f5 44. Rf4 Rxa2 45. Rxf3 Re2 46.
Rf4 Rxe3 47. Rb4 Re4 48. Rb6+ Kf7 49. Kg2 Rg4 50. Kh3 Rd4 51. Ra6 Re4 52. Rb6
Re6 53. Rb5 Kf6 54. Ra5 Rd6 55. Rb5 Ke6 56. Rb7 g6 57. Rb5 Ra6 58. Rb4 Kd5 59.
Rf4 Rc6 60. Ra4 Rc4 61. Ra5+ Rc5 62. Ra6 Rc6 63. Ra4 Rd6 64. Rb4 Ke5 65. Ra4
Rd4 66. Ra6 Rg4 67. Ra5+ Kf6 68. Ra6+ Kg7 69. Ra7+ Kh6 70. Ra6 Re4 71. Rb6 Kg7
72. Rc6 Kf7 73. Ra6 Re6 74. Ra5 Kf6 75. Rb5 Ra6 76. Rb4 Ke6 77. Rc4 Kd5 78. Rb4
Ra3 79. Rf4 Re3 80. Ra4 Rd3 81. Rb4 Ke5 82. Ra4 Rd4 83. Ra6 Rd6 84. Ra4 Kf6 85.
Rb4 g5 86. hxg5+ Kxg5 87. Rb8 Rd4 88. Rg8+ Kf6 89. Rh8 Rd1 90. Kg2 Rd2+ 1/2-1/2

[Event "Superettan(Burgsvik-Kristallen)"]
[Site "?"]
[Date "2018.02.02"]
[Round "4"]
[White "Vovk, Ilja"]
[Black "Naslund, Mikael"]
[Result "1/2-1/2"]
[WhiteElo "2281"]
[BlackElo "2205"]
[PlyCount "171"]

1. e4 c5 2. Nc3 Nc6 3. f4 g6 4. Nf3 Bg7 5. Bb5 Nd4 6. O-O a6 7. Bd3 d6 8. Ne2
Nxf3+ 9. Rxf3 Nf6 10. c3 O-O 11. Bc2 e5 12. d3 exf4 13. Bxf4 d5 14. h3 Be6 15.
Bg5 dxe4 16. dxe4 Qxd1+ 17. Rxd1 Nd7 18. Rf2 Ne5 19. a3 Nc4 20. Bc1 Ne5 21. Nf4
Rad8 22. Nd5 Bxd5 23. exd5 c4 24. Be3 b5 25. d6 f5 26. Rd5 Nd7 27. Rfd2 Rfe8
28. Bg5 Bf6 29. Bxf6 Nxf6 30. Rc5 Re6 31. a4 Rexd6 32. Rxd6 Rxd6 33. axb5 axb5
34. Rxb5 Rd2 35. Ba4 Ne4 36. Rb8+ Kg7 37. Bc6 Rd1+ 38. Kh2 Nf2 39. Rb4 Rh1+ 40.
Kg3 Nd3 41. Rxc4 Nxb2 42. Rc5 Rc1 43. Bd5 Kf6 44. c4 Ke5 45. Bg8+ Kf6 46. Rc7
h5 47. h4 Rc3+ 48. Kf4 Nd3+ 49. Ke3 Ne5+ 50. Kd4 Rg3 51. Bd5 Rg4+ 52. Kc5 Rxh4
53. Ra7 Nd3+ 54. Kd6 Rd4 55. Rf7+ Kg5 56. Re7 Nf4 57. g3 Nxd5 58. cxd5 h4 59.
gxh4+ Kxh4 60. Ke5 Re4+ 61. Kf6 Rxe7 62. Kxe7 f4 63. d6 f3 64. d7 f2 65. d8=Q
f1=Q 66. Qd4+ Kg5 67. Qe5+ Qf5 68. Qe3+ Kg4 69. Qe2+ Kg3 70. Qe1+ Kf3 71. Qf1+
Ke3 72. Qe1+ Kd4 73. Qd2+ Ke4 74. Qe1+ Kf4 75. Qh4+ Qg4 76. Qf2+ Ke4 77. Qc2+
Kf4 78. Qf2+ Ke5 79. Qc5+ Ke4 80. Qc2+ Kf3 81. Kf6 g5 82. Qd1+ Kg3 83. Qg1+ Kh4
84. Qh2+ Qh3 85. Qxh3+ Kxh3 86. Kxg5 1/2-1/2

[Event "Superettan(Burgsvik-Kristallen)"]
[Site "?"]
[Date "2018.02.02"]
[Round "4"]
[White "Willinger, Tim"]
[Black "Nygren, Kim"]
[Result "1/2-1/2"]
[WhiteElo "2146"]
[BlackElo "2146"]
[PlyCount "88"]

1. d4 Nf6 2. Nf3 g6 3. c4 Bg7 4. Nc3 O-O 5. Bg5 d6 6. e3 Nbd7 7. Be2 c6 8. Qc2
e5 9. dxe5 dxe5 10. Rd1 Qc7 11. Bh4 Re8 12. h3 Nc5 13. b4 Bf5 14. Qc1 Nce4 15.
Nxe4 Nxe4 16. O-O a5 17. a3 axb4 18. axb4 h6 19. g4 g5 20. gxf5 gxh4 21. Qc2
Ng3 22. Rfe1 Nxe2+ 23. Qxe2 Qe7 24. e4 Qxb4 25. Nxh4 Ra3 26. Qg4 Qe7 27. f6
Qxf6 28. Nf5 Qg5 29. Rd7 b5 30. cxb5 cxb5 31. Rb7 Rxh3 32. Qxg5 hxg5 33. Rxb5
Bf6 34. Kg2 g4 35. Rb7 Rd8 36. Ra1 Bg5 37. Raa7 Bf4 38. Ne7+ Kh8 39. Nd5 Rc8
40. Rc7 Rxc7 41. Rxc7 Kg7 42. Ne7 Rb3 43. Nf5+ Kg6 44. Rc2 Ra3 1/2-1/2

[Event "Superettan(Burgsvik-Kristallen)"]
[Site "?"]
[Date "2018.02.02"]
[Round "4"]
[White "Larsson, Victor"]
[Black "Persson, Andreas"]
[Result "1-0"]
[WhiteElo "2180"]
[BlackElo "2172"]
[PlyCount "87"]

1. d4 Nf6 2. c4 e6 3. Nf3 d5 4. g3 Be7 5. Bg2 O-O 6. O-O dxc4 7. Qc2 a6 8. Qxc4
b5 9. Qc2 Bb7 10. Bd2 Be4 11. Qc1 c6 12. Rd1 Qb6 13. Bg5 Re8 14. Nbd2 Bf5 15.
Ne5 Nfd7 16. Bxe7 Rxe7 17. Nxc6 Nxc6 18. Qxc6 Qxc6 19. Bxc6 Rc8 20. Rac1 Nb6
21. Bf3 Rec7 22. Rxc7 Rxc7 23. e4 Bg6 24. Nf1 Kf8 25. Ne3 Ke7 26. h4 f6 27. b3
Nc8 28. e5 fxe5 29. dxe5 Rc5 30. Bb7 a5 31. f4 Rc3 32. Kf2 Nb6 33. Rd6 Nd7 34.
g4 Nc5 35. Bf3 Nd3+ 36. Kg3 Nxe5 37. fxe5 Rxe3 38. Kf4 Rd3 39. h5 Rxf3+ 40.
Kxf3 Bb1 41. Rd2 h6 42. Ke3 Ke8 43. Kd4 a4 44. b4 1-0

[Event "Superettan(Burgsvik-Kristallen)"]
[Site "?"]
[Date "2018.02.02"]
[Round "4"]
[White "Gamback, Bjorn"]
[Black "Andersson, Bjorn"]
[Result "1/2-1/2"]
[WhiteElo "2148"]
[BlackElo "2180"]
[PlyCount "29"]

1. Nf3 c5 2. c4 Nc6 3. b3 Nf6 4. Bb2 d6 5. e3 g6 6. Be2 Bg7 7. O-O Bg4 8. d3
O-O 9. Nbd2 Rb8 10. Rc1 a6 11. Qc2 e5 12. Rfe1 b5 13. cxb5 axb5 14. a3 Ne7 15.
Qb1 1/2-1/2

[Event "Superettan(Burgsvik-Kristallen)"]
[Site "?"]
[Date "2018.02.02"]
[Round "4"]
[White "Tuvesson, Mats"]
[Black "Celander, Jesper"]
[Result "0-1"]
[WhiteElo "2075"]
[BlackElo "2100"]
[PlyCount "100"]

1. d4 Nf6 2. c4 c5 3. d5 d6 4. Nc3 g6 5. e4 Bg7 6. f4 Na6 7. Nf3 O-O 8. Be2 Nc7
9. O-O Rb8 10. Qc2 a6 11. a4 b6 12. Bd2 Bd7 13. e5 Nfe8 14. Bd3 b5 15. axb5
axb5 16. b3 Bg4 17. Rae1 bxc4 18. bxc4 Na6 19. Qa4 Nb4 20. Bb1 Nc7 21. h3 Bc8
22. Ne4 Ba6 23. Rc1 Bc8 24. Bc3 Ra8 25. Qb3 Ne8 26. g4 Rb8 27. Qd1 Ba6 28. Be1
Qc7 29. Bg3 Rd8 30. Rf2 Bc8 31. Kg2 Qb7 32. Qe2 Qa6 33. Neg5 Qa3 34. Rcf1 Ba6
35. e6 f6 36. Nf7 Nxd5 37. Nxd8 Ne3+ 38. Kg1 Bxc4 39. Qd2 Nxf1 40. Qc2 Ne3 41.
Qd2 Nc7 42. Nc6 Re8 43. f5 gxf5 44. gxf5 Bh6 45. Qe1 Kh8 46. Kh2 Ncd5 47. Be4
Nc3 48. Nce5 dxe5 49. Nxe5 Nxe4 50. Nxc4 Ng4+ 0-1

[Event "Superettan(Kristallen-Wasa)"]
[Site "?"]
[Date "2018.01.14"]
[Round "5"]
[White "Andersson, Goran L"]
[Black "Grigorov, Grigor"]
[Result "1-0"]
[WhiteElo "2228"]
[BlackElo "2514"]
[PlyCount "91"]

1. d4 d5 2. Bf4 Nf6 3. e3 e6 4. Nd2 Bd6 5. Bg3 O-O 6. Ngf3 c5 7. c3 b6 8. Bd3
Ba6 9. Bxa6 Nxa6 10. Ne5 Qc7 11. f4 Qb7 12. O-O Ne4 13. Nxe4 dxe4 14. f5 f6 15.
Ng6 Rfd8 16. Bxd6 Rxd6 17. Nh4 e5 18. Qb3+ Qf7 19. dxe5 fxe5 20. Qa4 Qb7 21.
Qc4+ Kh8 22. f6 g6 23. Rad1 b5 24. Qe2 Rxd1 25. Qxd1 Qf7 26. Qd6 Nc7 27. Qxc5
Nd5 28. b3 Re8 29. c4 Nxf6 30. Qxb5 Kg7 31. Qa5 Qd7 32. h3 Qe7 33. Qe1 Nh5 34.
g4 Nf6 35. Qf2 Nd7 36. Ng2 Nc5 37. g5 Qd7 38. Qf6+ Kg8 39. h4 Nd3 40. Kh2 a5
41. h5 gxh5 42. g6 Rb8 43. gxh7+ Kxh7 44. Rf5 Qe8 45. Qh4 Rb6 46. Qxe4 1-0

[Event "Superettan(Kristallen-Wasa)"]
[Site "?"]
[Date "2018.01.14"]
[Round "5"]
[White "Wedberg, Tom"]
[Black "Persson, Andreas"]
[Result "1-0"]
[WhiteElo "2445"]
[BlackElo "2172"]
[PlyCount "109"]

1. e4 e5 2. Nf3 Nc6 3. Bb5 a6 4. Ba4 Nf6 5. O-O Be7 6. d3 b5 7. Bb3 d6 8. a3
O-O 9. Nc3 Qd7 10. Nd5 Nxd5 11. Bxd5 Rb8 12. c3 Nd8 13. d4 Bf6 14. Be3 Re8 15.
dxe5 dxe5 16. Ba7 Rb7 17. Bxb7 Nxb7 18. Qxd7 Bxd7 19. Be3 Bc6 20. Nd2 Rd8 21.
f3 Be7 22. Rfd1 Kf8 23. Nb3 Bd6 24. Rac1 Bd7 25. c4 Be6 26. Nd2 Na5 27. cxb5
axb5 28. Kf2 Nc4 29. Nxc4 bxc4 30. Ke2 Rb8 31. Rd2 Rb3 32. a4 Bb4 33. Rdc2 Ke7
34. Ra1 Ba5 35. Bd2 Bb6 36. a5 Ba7 37. Ra4 Bd7 38. Rb4 Bb5 39. Ke1 Rxb4 40.
Bxb4+ Ke8 41. Rc1 f6 42. Ra1 Ba6 43. Kd2 Bd4 44. Bc3 Bc5 45. Kc2 Ke7 46. b3
cxb3+ 47. Kxb3 Ke8 48. Bb4 Bd4 49. Rc1 Kd7 50. Bc5 Be2 51. Kb4 c6 52. Rc2 Bf1
53. Rd2 Kc7 54. Bxd4 exd4 55. Kc5 1-0

[Event "Superettan(Kristallen-Wasa)"]
[Site "?"]
[Date "2018.01.14"]
[Round "5"]
[White "Walinder, Lars"]
[Black "Cramling, Pia"]
[Result "1/2-1/2"]
[WhiteElo "2205"]
[BlackElo "2449"]
[PlyCount "76"]

1. c4 e6 2. Nc3 Bb4 3. Qc2 Nf6 4. Nf3 O-O 5. a3 Bxc3 6. Qxc3 b6 7. b4 Bb7 8.
Bb2 d6 9. e3 c5 10. Be2 Nbd7 11. O-O Rc8 12. Rfd1 Qc7 13. Rac1 Qb8 14. d4 Rfd8
15. dxc5 bxc5 16. b5 d5 17. cxd5 Bxd5 18. a4 Nb6 19. Qa3 Ng4 20. g3 Nd7 21. Ng5
Ngf6 22. e4 Nxe4 23. Nxe4 Bxe4 24. Qc3 f6 25. Bc4 Nf8 26. Rxd8 Rxd8 27. Qe3 Ba8
28. Bxe6+ Nxe6 29. Qxe6+ Kh8 30. Re1 Rf8 31. Qe7 Kg8 32. Qe6+ Kh8 33. Qe7 Rd8
34. Bxf6 gxf6 35. Qxf6+ Kg8 36. Qg5+ Kh8 37. Qf6+ Kg8 38. Qg5+ Kh8 1/2-1/2

[Event "Superettan(Kristallen-Wasa)"]
[Site "?"]
[Date "2018.01.14"]
[Round "5"]
[White "Bellon Lopez, Juan"]
[Black "Hesselborn, Per Ove"]
[Result "1-0"]
[WhiteElo "2334"]
[BlackElo "2151"]
[PlyCount "59"]

1. d4 d6 2. g3 g6 3. Bg2 Bg7 4. Nc3 Nf6 5. e4 O-O 6. h3 Nbd7 7. Nge2 e5 8. Be3
c6 9. a4 Qe7 10. O-O exd4 11. Bxd4 Re8 12. g4 Nc5 13. Ng3 Nfd7 14. Bxg7 Kxg7
15. f4 b6 16. b4 Nb7 17. b5 c5 18. Nd5 Qd8 19. Qd2 f6 20. Qc3 Rf8 21. g5 Kg8
22. h4 fxg5 23. hxg5 h6 24. Bh3 hxg5 25. Be6+ Kh7 26. Rf2 Nf6 27. Rh2+ Nh5 28.
Nxh5 gxh5 29. Rxh5+ Kg6 30. f5+ 1-0

[Event "Superettan(Kristallen-Wasa)"]
[Site "?"]
[Date "2018.01.14"]
[Round "5"]
[White "Willinger, Tim"]
[Black "Astrom, Goran"]
[Result "1/2-1/2"]
[WhiteElo "2146"]
[BlackElo "2236"]
[PlyCount "52"]

1. d4 Nf6 2. Nf3 e6 3. e3 b6 4. Bd3 Bb7 5. O-O c5 6. c4 Be7 7. Nc3 d5 8. cxd5
Nxd5 9. e4 Nxc3 10. bxc3 O-O 11. Qe2 Nc6 12. Bb2 Rc8 13. Rad1 cxd4 14. cxd4 Nb4
15. d5 exd5 16. exd5 Nxd3 17. Qxd3 Bf6 18. Bxf6 Qxf6 19. Rfe1 Rfd8 20. d6 Bxf3
21. gxf3 Qg5+ 22. Kh1 Rd7 23. Qe4 h6 24. Rd5 Qf6 25. Red1 Rcd8 26. Qd3 Qg6
1/2-1/2

[Event "Superettan(Kristallen-Wasa)"]
[Site "?"]
[Date "2018.01.14"]
[Round "5"]
[White "Wessman, Richard"]
[Black "Hedstrom, Johan"]
[Result "1-0"]
[WhiteElo "2424"]
[BlackElo "2086"]
[PlyCount "77"]

1. d4 f5 2. c4 Nf6 3. Nc3 g6 4. g3 Bg7 5. Bg2 d6 6. Nf3 O-O 7. O-O Nh5 8. d5 c5
9. Ng5 Na6 10. e4 f4 11. Bf3 Bxc3 12. bxc3 e5 13. Ne6 Bxe6 14. dxe6 Qe7 15. Rb1
Rab8 16. Bxh5 gxh5 17. gxf4 exf4 18. Qxh5 Nc7 19. f3 Qxe6 20. Kh1 Kh8 21. Qh4
Qe5 22. Rg1 Ne6 23. Bd2 Rf7 24. Rg4 Rbf8 25. Rbg1 b6 26. Qh6 Rf6 27. Rg6 Rxg6
28. Rxg6 Re8 29. Be1 Nd8 30. Rg5 Qe7 31. Bh4 Qf8 32. Rg6 Qxh6 33. Bf6+ Qg7 34.
Rxg7 Re6 35. Rg6+ Rxf6 36. Rxf6 Nc6 37. Rxd6 Ne5 38. Kg2 Kg7 39. Re6 1-0

[Event "Superettan(Kristallen-Wasa)"]
[Site "?"]
[Date "2018.01.14"]
[Round "5"]
[White "Ostling, Hakan"]
[Black "Moreau, Teodor"]
[Result "1-0"]
[WhiteElo "2145"]
[BlackElo "2313"]
[PlyCount "97"]

1. f4 d5 2. Nf3 g6 3. g3 Bg7 4. Bg2 Nf6 5. O-O c5 6. d3 Nc6 7. Nc3 e6 8. e4 Ne7
9. e5 Nd7 10. Nb5 O-O 11. Nd6 Nf5 12. Nxc8 Rxc8 13. g4 Nh4 14. Nxh4 Qxh4 15. c4
Rcd8 16. Qe2 Qe7 17. g5 Nb8 18. Be3 Nc6 19. Qf2 d4 20. Bd2 h5 21. Rfb1 Qc7 22.
a3 a5 23. b4 axb4 24. axb4 cxb4 25. Bxb4 Nxb4 26. Rxb4 b6 27. Rab1 Rb8 28. Qb2
Rfc8 29. Rxb6 Rxb6 30. Qxb6 Qe7 31. Ra1 Rc7 32. Ra8+ Bf8 33. Qd6 Kg7 34. Rd8
Rc5 35. Qb8 Ra5 36. Qd6 Ra1+ 37. Kf2 Rc1 38. Rd7 Qe8 39. Qc7 Bb4 40. Bc6 Rc2+
41. Kg3 Qf8 42. Bd5 Be1+ 43. Kh3 Rf2 44. Bxe6 Rxf4 45. Bd5 Bh4 46. e6 Bxg5 47.
Qe5+ Kh6 48. e7 Qc8 49. e8=Q 1-0

[Event "Superettan(Orgryte-Kamraterna)"]
[Site "?"]
[Date "2018.02.03"]
[Round "5"]
[White "Hamark, Jesper"]
[Black "Tukhaev, Adam"]
[Result "1/2-1/2"]
[WhiteElo "2333"]
[BlackElo "2570"]
[PlyCount "108"]
[SourceDate "2018.02.10"]

1. g3 g6 2. Bg2 Bg7 3. d4 Nf6 4. e4 d6 5. Ne2 O-O 6. O-O Nc6 7. Nbc3 e6 8. h3
Ne7 9. Be3 h6 10. Qd2 Kh7 11. f4 Nd7 12. g4 f5 13. gxf5 exf5 14. e5 Nb6 15. b3
c6 16. Rad1 Be6 17. Qe1 a5 18. Bc1 a4 19. Kh1 axb3 20. axb3 Qe8 21. Ng1 Ned5
22. Nb1 Ra1 23. Ba3 dxe5 24. fxe5 f4 25. Bxf8 Bxf8 26. Nd2 Rxd1 27. Qxd1 Ne3
28. Qe2 Nxf1 29. Qxf1 Qf7 30. c4 Be7 31. Qd3 h5 32. Ne4 Kh6 33. Nd6 Bxd6 34.
exd6 Nd7 35. Nf3 g5 36. h4 gxh4 37. Nxh4 Qf6 38. Nf3 Bg4 39. c5 Bxf3 40. Bxf3
Qh4+ 41. Kg2 Nf6 42. Qe2 Qg3+ 43. Kf1 h4 44. b4 h3 45. b5 cxb5 46. Bxb7 h2 47.
Qf2 Qd3+ 48. Kg2 Qg6+ 49. Kf1 Qb1+ 50. Ke2 Qc2+ 51. Ke1 Qc1+ 52. Ke2 Qc2+ 53.
Ke1 Qc1+ 54. Ke2 Qc2+ 1/2-1/2

[Event "Superettan(Orgryte-Kamraterna)"]
[Site "?"]
[Date "2018.02.03"]
[Round "5"]
[White "Kumar, Rahul"]
[Black "Svensson, Bengt"]
[Result "1/2-1/2"]
[WhiteElo "2183"]
[BlackElo "2319"]
[PlyCount "61"]

1. d4 Nf6 2. Bf4 d5 3. e3 c5 4. c3 Nc6 5. Bd3 e6 6. Nf3 Bd6 7. Bg3 O-O 8. Nbd2
b6 9. Ne5 Bb7 10. O-O Qc7 11. f4 Ne7 12. Qb1 g6 13. Bh4 Ne8 14. g4 f6 15. Nef3
Ng7 16. Bg3 f5 17. h3 Qc8 18. Rf2 Ba6 19. Qf1 Bxd3 20. Qxd3 Kh8 21. Raf1 Ng8
22. Ne5 Nf6 23. Qe2 Qc7 24. Bh4 Ne4 25. Rg2 Rab8 26. Nxe4 fxe4 27. Qb5 Ra8 28.
Qa6 Rab8 29. Qb5 Ra8 30. Qa6 Rab8 31. Qb5 1/2-1/2

[Event "Superettan(Orgryte-Kamraterna)"]
[Site "?"]
[Date "2018.02.03"]
[Round "5"]
[White "Aberg, Anton"]
[Black "Arnelind, Mikael"]
[Result "1-0"]
[WhiteElo "2368"]
[BlackElo "2220"]
[PlyCount "63"]

1. d4 Nf6 2. Bg5 d5 3. e3 e6 4. Nd2 Nbd7 5. Ngf3 h6 6. Bh4 c5 7. c3 Be7 8. Bd3
b6 9. O-O Bb7 10. Ne5 Nxe5 11. dxe5 Nd7 12. Bg3 h5 13. h3 Qc7 14. e4 Qc6 15.
exd5 exd5 16. c4 Qh6 17. cxd5 Bxd5 18. Be4 Bxe4 19. Nxe4 h4 20. Bh2 Qg6 21. e6
fxe6 22. Nd6+ Bxd6 23. Qxd6 Rd8 24. Rad1 Qf6 25. Qc6 Rh6 26. Bc7 e5 27. Rd6 Qg5
28. Bxd8 Qxd8 29. Rxh6 gxh6 30. Qg6+ Ke7 31. Re1 Qe8 32. Qxh6 1-0

[Event "Superettan(Orgryte-Kamraterna)"]
[Site "?"]
[Date "2018.02.03"]
[Round "5"]
[White "Subramanian, Aditya"]
[Black "Svedberg, Hans"]
[Result "1-0"]
[WhiteElo "2133"]
[BlackElo "2027"]
[PlyCount "61"]

1. c4 c5 2. e3 e5 3. Nc3 Nc6 4. Nf3 Nf6 5. d4 cxd4 6. exd4 e4 7. Nd2 Bb4 8. d5
Bxc3 9. bxc3 Na5 10. Nb3 O-O 11. Bg5 h6 12. Bh4 Nxb3 13. axb3 d6 14. Qd4 b6 15.
Be2 Re8 16. O-O Qc7 17. Ra2 g5 18. Bg3 Nd7 19. f4 exf3 20. Bxf3 Ne5 21. Bh5 Rf8
22. Re2 f6 23. Bxe5 fxe5 24. Qe4 Rxf1+ 25. Kxf1 Qh7 26. Bg6 Qh8 27. Rf2 Bd7 28.
Bf7+ Kf8 29. Be6+ Ke8 30. Qg6+ Kd8 31. Bxd7 1-0

[Event "Superettan(Vaxjo-Manhem)"]
[Site "?"]
[Date "2018.02.03"]
[Round "5"]
[White "Rozentalis, Eduardas"]
[Black "Christiansen, Johan-Sebastian"]
[Result "1/2-1/2"]
[WhiteElo "2527"]
[BlackElo "2492"]
[PlyCount "126"]
[SourceDate "2018.02.11"]

1. e4 e6 2. d4 d5 3. Nd2 Be7 4. e5 c5 5. c3 cxd4 6. cxd4 Qb6 7. Ndf3 Bb4+ 8.
Bd2 Nc6 9. Bc3 Bd7 10. Qd2 Rc8 11. Bd3 Nge7 12. Ne2 Bxc3 13. bxc3 Na5 14. Qg5
Kf8 15. h4 Nc4 16. O-O Na3 17. Qc1 Qa5 18. Qb2 b6 19. Rfc1 Nc6 20. Nd2 Qa4 21.
Nf4 g6 22. Nb3 Na5 23. Qe2 Bb5 24. Qf3 Bxd3 25. Nxd3 N5c4 26. Rd1 Qd7 27. Rac1
Qe7 28. Qg3 Ke8 29. Nf4 Kd7 30. Rd3 Rhf8 31. Rf3 a5 32. Qh3 Kc7 33. Rd1 Kb7 34.
Nd2 Rc7 35. Nxc4 Nxc4 36. h5 g5 37. Nd3 Qa3 38. Qg4 h6 39. Rf6 Rh8 40. Qf3 Rh7
41. Qe2 Qxc3 42. Nc5+ Ka8 43. Na4 Qb4 44. Qc2 Rh8 45. Rb1 Qd2 46. Qxd2 Nxd2 47.
Rxb6 Ne4 48. Rb5 Nxf6 49. Rxa5+ Kb8 50. exf6 Ra7 51. Rb5+ Kc7 52. Nc5 Rb8 53.
Rxb8 Kxb8 54. Nd3 Kc7 55. Ne5 Kd6 56. f3 Rxa2 57. Nxf7+ Kd7 58. Nxh6 Ke8 59. g4
Ra3 60. Kf2 Ra2+ 61. Ke3 Ra3+ 62. Kf2 Ra2+ 63. Ke3 Ra3+ 1/2-1/2

[Event "Superettan(Vaxjo-Manhem)"]
[Site "?"]
[Date "2018.02.03"]
[Round "5"]
[White "Fendrich, David"]
[Black "Alle Wahlin, Ambjorn"]
[Result "1/2-1/2"]
[WhiteElo "2244"]
[BlackElo "2224"]
[PlyCount "100"]

1. Nf3 d5 2. g3 Nf6 3. Bg2 c6 4. b3 Bf5 5. O-O e6 6. Bb2 a5 7. a3 h6 8. d3 Be7
9. Nbd2 O-O 10. c4 Nbd7 11. Re1 Bh7 12. Nf1 Qb6 13. Bc3 c5 14. e3 Rfd8 15. Qc2
Qa6 16. Qe2 b5 17. Red1 a4 18. d4 axb3 19. cxb5 Qa4 20. dxc5 Bxc5 21. Nd4 Rdb8
22. Qb2 Bxa3 23. Qe2 Bc2 24. Rd2 Rc8 25. Bb2 Qb4 26. Rxa3 Rxa3 27. Bxa3 Qxa3
28. Nxc2 bxc2 29. Rxc2 Rb8 30. Nd2 Nb6 31. Qd1 Na4 32. Bf1 Nd7 33. Qc1 Qf8 34.
Nb3 Nab6 35. Rc7 Qd8 36. Nd4 Ne5 37. Qc3 Nbc4 38. Ra7 Qf6 39. Qb4 Ng4 40. Ra2
e5 41. Nb3 Qb6 42. e4 Nf6 43. exd5 Nd6 44. Qc3 Nxb5 45. Qxe5 Rd8 46. Qa1 Nc7
47. Bc4 Ncxd5 48. Ra8 Qd6 49. Nd4 Nb6 50. Rxd8+ Qxd8 1/2-1/2

[Event "Superettan(Vaxjo-Manhem)"]
[Site "?"]
[Date "2018.02.03"]
[Round "5"]
[White "Storme, Isak"]
[Black "Sevastianov, Andrii"]
[Result "1/2-1/2"]
[WhiteElo "2171"]
[BlackElo "2126"]
[PlyCount "109"]

1. d4 d5 2. Nf3 Nf6 3. c4 e6 4. Nc3 Be7 5. Bf4 O-O 6. e3 b6 7. Rc1 c5 8. cxd5
Nxd5 9. Nxd5 Qxd5 10. Bc4 Qh5 11. d5 Ba6 12. Bxa6 Nxa6 13. dxe6 Rad8 14. Qb3
Nb4 15. O-O fxe6 16. Qxe6+ Qf7 17. Qxf7+ Kxf7 18. Ne5+ Ke6 19. a3 Nd3 20. Nxd3
Rxd3 21. Rfd1 Rfd8 22. Rxd3 Rxd3 23. Bb8 a6 24. Ba7 Rb3 25. Rc2 Bf6 26. Kf1 Kd5
27. Ke2 Be5 28. f4 Bxb2 29. a4 Bc3 30. Bxb6 c4 31. Bd8 Ke4 32. a5 h5 33. Be7 g6
34. h3 Rb2 35. Rxb2 Bxb2 36. g4 hxg4 37. hxg4 Bc3 38. Bd8 Bg7 39. Bb6 Bf6 40.
Kd2 Kd5 41. f5 gxf5 42. gxf5 Bh4 43. Bd4 Bd8 44. Bc3 Be7 45. Kc2 Bc5 46. Bd4
Bb4 47. f6 Bxa5 48. f7 Bb4 49. Bg7 Ke4 50. Bh6 a5 51. f8=Q Bxf8 52. Bxf8 Kxe3
53. Kc3 a4 54. Kxc4 a3 55. Bxa3 1/2-1/2

[Event "Superettan(Vaxjo-Manhem)"]
[Site "?"]
[Date "2018.02.03"]
[Round "5"]
[White "Olofsson-Dolk, Mattis"]
[Black "Al Waeli, Laith"]
[Result "1/2-1/2"]
[WhiteElo "2173"]
[BlackElo "2060"]
[PlyCount "113"]

1. d4 e6 2. c4 Nf6 3. Nc3 Bb4 4. e3 O-O 5. Nge2 d5 6. a3 Be7 7. cxd5 exd5 8.
Nf4 c6 9. Bd3 Nbd7 10. O-O Re8 11. f3 Nf8 12. Bc2 Bd6 13. e4 Bxf4 14. Bxf4 Ng6
15. Bg5 h6 16. Bxf6 Qxf6 17. e5 Qg5 18. Bxg6 Qxg6 19. b4 Bf5 20. Rf2 f6 21. f4
Rad8 22. Qd2 Kh7 23. Rc1 Bd3 24. Na4 fxe5 25. fxe5 Rf8 26. Nc5 Rxf2 27. Qxf2
Be4 28. Nxe4 dxe4 29. Re1 Rd5 30. Qe3 a5 31. Qxe4 Qxe4 32. Rxe4 Kg8 33. Kf2
axb4 34. axb4 Kf7 35. Ke3 Rb5 36. Rf4+ Ke7 37. Rg4 Kf7 38. Ke4 Rxb4 39. Kf5 Rb5
40. h4 Rd5 41. Ke4 Rb5 42. Rf4+ Ke6 43. Rg4 Kf7 44. h5 Rb1 45. Rg6 Re1+ 46. Kf3
c5 47. Rb6 cxd4 48. Rxb7+ Ke6 49. Kf4 d3 50. Rb6+ Kd5 51. Rd6+ Kc4 52. Kf5 Kc3
53. Rc6+ Kd4 54. Rd6+ Kc3 55. Rc6+ Kd4 56. Rd6+ Kc3 57. Rc6+ 1/2-1/2